Né en Normandie - Statistiques

Statistiques générales
  • Ce quiz a été pris 107 fois
    4 depuis la dernière actualisation
  • Le résultat moyen est 15 sur 32
Statistiques - réponses
Indication Réponse % Correct
Chanteur, il meurt dans un accident d'hélicoptère en 1986, "Le Chanteur" Alençon 1952 Daniel Balavoine
100%
Président de France de 2012 à 2017 Rouen 1954 François Hollande
100%
Écrivain, "Madame Bovary" Rouen 1821 Gustave Flaubert
100%
Écrivain, "Boule de Suif" "Bel-ami" "Une vie" Tourville-sur-Arques 1850 Guy de Maupassant
100%
Actrice, "Le Petit Nicolas" "La Cité de la peur" "Les Visiteurs" "Aline" Dieppe 1964 Valérie Lemercier
100%
Grand couturier qui donne son nom à la maison de haute couture homonyme. Initiales "CD". Granville 1905 Christian Dior
75%
Ancien footballeur international français (Juventus et Monaco) Rouen 1977 David Trezeguet
75%
La première réalisatrice française nommée à l'Oscar de la meilleure réalisation, "Anatomie d'une chute" Fécamp 1978 Justine Triet
75%
Actrice, "La Famille Bélier" "Jalouse" "Polisse" Rouen 1966 Karin Viard
75%
Écrivain qui est le créateur du célèbre gentleman-cambrioleur Arsène Lupin Rouen 1864 Maurice Leblanc
75%
Président de France de 1954 à 1959 Le Havre 1882 René Coty
75%
Pilote automobile pour l'écurie Alpine en Formule 1 Évreux 1996 Esteban Ocon
50%
Actrice et mannequin, "Astérix et Obélix contre César" "Errance" Pont-Audemer 1978 Laetitia Casta
50%
Actrice, "Jusqu'à la garde" "Close" Caen 1972 Léa Drucker
50%
Joueur français de basket-ball (Clippers de Los Angeles) Lisieux 1988 Nicolas Batum
50%
Footballeur international français (PSG) Vernon 1997 Ousmane Dembélé
50%
Pilote automobile pour l'écurie Alpine en Formule 1 Rouen 1996 Pierre Gasly
50%
Écrivaine et lauréat du prix Nobel de littérature en 2022, "L'Événement" "Les Années" "La Place" Lillebonne 1940 Annie Ernaux
25%
Footballeur international français (Real Madrid) Rouen 2000 Aurélien Tchouaméni
25%
Footballeur international français (Bayern Munich) Évreux 1998 Dayot Upamecano
25%
Premier ministre français de 2017 à 2020 Rouen 1970 Édouard Philippe
25%
Ancien footballeur international (Arsenal, Monaco et Chelsea) Dieppe 1970 Emmanuel Petit
25%
Footballeur international sénégalais (Everton) Rouen 2000 Iliman Ndiaye
25%
Ancien coureur cycliste qui remporter cinq fois le Tour de France Mont-Saint-Aignan 1934 Jacques Anquetil
25%
Entraîneur de football et sélectionneur de l'équipe de France de 1998 à 2002 Bricquebec 1941 Roger Lemerre
25%
Patineur franco-allemand et champion olympique aux Jeux de 2018 pour l'Allemagne avec Aljona Savchenko Caen 1989 Bruno Massot
0%
Navigateur et skipper qui remporte le Vendée Globe 2024/2025 et établissant un nouveau record Le Havre 1984 Charlie Dalin
0%
Entraîneur du RC Lens depuis 2020 Mont-Saint-Aignan 1971 Franck Haise
0%
Directeur d'Airbus depuis 2019 Cherbourg 1968 Guillaume Faury
0%
Ancien joueur français de basket-ball (Wizards de Washington, Pacers de l'Indiana et Spurs de San Antonio) Rouen 1986 Ian Mahinmi
0%
Joueur international français de basket-ball (Hornets de Charlotte) Rouen 2001 Théo Maledon
0%
Footballeuse française internationale (West Ham United) Mont-Saint-Aignan 1993 Viviane Asseyi
0%
Aucun quiz correspondant
Distribution des résultats
% des personnes avec chaque résultat
Percentile par nombre de réponses
Votre historique - résultats
Vous n’avez pas pris ce quiz depuis la dernière actualisation